[Event "Bratto Gorgonzola op-B"]
[Site "Bratto"]
[Date "2006.08.27"]
[Round "8"]
[White "Ferrarese, Giacomo"]
[Black "Paniga, Danilo"]
[Result "1/2-1/2"]
[WhiteElo "1721"]
[BlackElo "1815"]
[PlyCount "71"]
[EventDate "2006.08.20"]
[EventType "swiss"]
[EventRounds "8"]
[EventCountry "ITA"]
[SourceTitle "EXT 2008"]
[Source "ChessBase"]
[SourceDate "2007.11.25"]
[SourceVersion "1"]
[SourceVersionDate "2007.11.25"]
[SourceQuality "1"]

1. c4 Nf6 2. Nc3 g6 3. g3 Bg7 4. Bg2 d6 5. d3 e5 6. e3 0-0 7. Nge2 Nh5 8. g4 Nf6 9. h3 Nc6 10. Ng3 a5 11. Bd2 Nb4 12. Bc1 c6 13. a3 Na6 14. Rb1 Rb8 15. Bd2 Nc5 16. Qc2 Ne6 17. 0-0 Nd7 18. Nce4 Ndc5 19. b4 Nxe4 20. dxe4 axb4 21. axb4 Nc7 22. b5 Bd7 23. Ba5 b6 24. bxc6 bxa5 25. Rxb8 Qxb8 26. cxd7 Ne6 27. Qa4 Qc7 28. Ne2 Nc5 29. Qa2 Nxd7 30. Nc3 Rb8 31. Nd5 Qc5 32. Ra1 Ra8 33. Rb1 Rb8 34. Ra1 Ra8 35. Rb1 Rb8 36. Ra1 1/2-1/2

[Event "Chioggia op 1st"]
[Site "Chioggia"]
[Date "2006.02.04"]
[Round "4"]
[White "Ferrarese, Giacomo"]
[Black "Colombo, Matteo"]
[Result "0-1"]
[WhiteElo "1721"]
[BlackElo "1483"]
[PlyCount "60"]
[EventDate "2006.01.28"]
[EventType "swiss"]
[EventRounds "6"]
[EventCountry "ITA"]
[SourceTitle "EXT 2022"]
[Source "ChessBase"]
[SourceDate "2021.10.06"]
[SourceVersion "1"]
[SourceVersionDate "2021.10.06"]
[SourceQuality "1"]

1. c4 Nf6 2. g3 c5 3. Bg2 d5 4. cxd5 Nxd5 5. Nc3 Nc7 6. d3 Nc6 7. Be3 e5 8. Nf3 Be7 9. 0-0 0-0 10. Ne4 b6 11. Ned2 Be6 12. b3 f6 13. Nc4 Rc8 14. a4 Nd5 15. Nfd2 Nd4 16. Bxd5 Qxd5 17. Bxd4 cxd4 18. Rc1 Bh3 19. e4 dxe3 20. Nxe3 Qxd3 21. Ndc4 Bxf1 22. Qxf1 Qxf1+ 23. Kxf1 Bc5 24. Nd5 Rfd8 25. Rd1 Kf7 26. b4 Bd4 27. Nce3 Bxe3 28. fxe3 e4 29. Ke2 Rc2+ 30. Ke1 Rxh2 0-1

[Event "Padova Weekend op-B 8th"]
[Site "Padova"]
[Date "2005.12.18"]
[Round "6.17"]
[White "Ferrarese, Giacomo"]
[Black "Valentini, Paola"]
[Result "0-1"]
[WhiteElo "1721"]
[BlackElo "2004"]
[PlyCount "100"]
[EventDate "2005.12.10"]
[EventType "swiss"]
[EventRounds "6"]
[EventCountry "ITA"]
[SourceTitle "EXT 2024"]
[Source "ChessBase"]
[SourceDate "2023.10.10"]
[SourceVersion "1"]
[SourceVersionDate "2023.10.10"]
[SourceQuality "1"]

1. c4 c5 2. g3 g6 3. Nc3 Bg7 4. Bg2 Nc6 5. d3 Nf6 6. e4 d6 7. Nge2 Bd7 8. a3 0-0 9. 0-0 Qc8 10. Nf4 Ng4 11. h3 Nge5 12. Kh2 Nd4 13. Be3 Nec6 14. Nfd5 e6 15. Nf4 f5 16. exf5 Nxf5 17. Rb1 Ncd4 18. Ne4 Nxe3 19. fxe3 Nf5 20. Qd2 Bc6 21. b4 cxb4 22. axb4 Bh6 23. b5 Bxe4 24. dxe4 Ng7 25. Qb4 Qc5 26. Qxc5 dxc5 27. Rbd1 e5 28. Nd5 Ne8 29. Rxf8+ Kxf8 30. Rf1+ Kg7 31. g4 Nd6 32. h4 g5 33. hxg5 Bxg5 34. Nc7 Rc8 35. Ne6+ Kg6 36. Nxg5 Kxg5 37. Kg3 Rc7 38. Rh1 Nxc4 39. Rh5+ Kf6 40. Rf5+ Kg6 41. Kf3 Rd7 42. g5 Rf7 43. Bh3 Rxf5+ 44. exf5+ Kxg5 45. Ke4 Kf6 46. Kd3 Nd6 47. e4 b6 48. Ke3 Nxb5 49. Bf1 Nd4 50. Bc4 a5 0-1

[Event "ITA-ch U20"]
[Site "Porto San Giorgio"]
[Date "2004.08.22"]
[Round "3"]
[White "Ferrarese, Giacomo"]
[Black "Forato, Enrico"]
[Result "0-1"]
[WhiteElo "1688"]
[BlackElo "1739"]
[PlyCount "92"]
[EventDate "2004.08.20"]
[EventType "swiss"]
[EventRounds "9"]
[EventCountry "ITA"]
[SourceTitle "EXT 2005"]
[Source "ChessBase"]
[SourceDate "2004.11.15"]
[SourceVersion "1"]
[SourceVersionDate "2004.11.15"]
[SourceQuality "1"]

1. c4 e5 2. Nc3 f5 3. g3 Nf6 4. Bg2 g6 5. d3 Bg7 6. e4 d6 7. Nge2 0-0 8. 0-0 c6 9. h3 Be6 10. Kh2 Qc8 11. Ng1 f4 12. g4 g5 13. f3 Nbd7 14. Rb1 a5 15. a3 h5 16. Bd2 Kf7 17. Qe2 hxg4 18. fxg4 Rh8 19. Bf3 Nb6 20. Be1 Bxg4 21. Qg2 Bxh3 22. Nxh3 g4 23. Rg1 Rxh3+ 24. Qxh3 gxh3 25. Bh4 Qe6 26. Bxf6 Qxf6 27. Bh5+ Ke7 28. Rg6 Qh4 29. Rbg1 Rg8 30. Bg4 Qf2+ 31. Kh1 h2 32. Rb1 f3 33. Be6 Qg2+ 34. Rxg2 fxg2+ 35. Kxg2 Kxe6 36. Kxh2 Bh6 37. Kh3 Bf4 38. Rf1 Rg3+ 39. Kh4 Rxd3 40. Ne2 Nxc4 41. Nxf4+ exf4 42. Rxf4 Nxb2 43. Kg5 Rg3+ 44. Kh4 Rxa3 45. Kg5 Rg3+ 46. Kh4 Rg1 0-1

[Event "ITA-ch U20"]
[Site "Porto San Giorgio"]
[Date "2004.08.21"]
[Round "2"]
[White "Vignoli, Matteo"]
[Black "Ferrarese, Giacomo"]
[Result "1/2-1/2"]
[WhiteElo "1808"]
[BlackElo "1688"]
[PlyCount "122"]
[EventDate "2004.08.20"]
[EventType "swiss"]
[EventRounds "9"]
[EventCountry "ITA"]
[SourceTitle "EXT 2005"]
[Source "ChessBase"]
[SourceDate "2004.11.15"]
[SourceVersion "1"]
[SourceVersionDate "2004.11.15"]
[SourceQuality "1"]

1. e4 c5 2. Nf3 d6 3. d4 cxd4 4. Nxd4 Nf6 5. Nc3 g6 6. Be3 Bg7 7. f3 Nc6 8. Qd2 Bd7 9. 0-0-0 0-0 10. h4 Nxd4 11. Bxd4 Qa5 12. Kb1 Rfc8 13. g4 h5 14. g5 Ne8 15. Bxg7 Nxg7 16. Bh3 Bxh3 17. Rxh3 b5 18. f4 Rc5 19. Nd5 Qxd2 20. Rxd2 Kf8 21. Ra3 Rc6 22. Rf3 Ne6 23. f5 gxf5 24. exf5 Nc7 25. Nf4 Rc4 26. Rh2 Na6 27. Nxh5 Rac8 28. Nf4 Nb4 29. c3 Na6 30. Nd3 b4 31. cxb4 Nxb4 32. Rh1 Nxd3 33. Rxd3 Rf4 34. f6 exf6 35. Rxd6 fxg5 36. hxg5 Rg4 37. Rdd1 Rc5 38. Rhf1 Rgxg5 39. Rd7 a5 40. Rfxf7+ Ke8 41. a3 Rb5 42. Rb7 Rxb7 43. Rxb7 Kd8 44. Kc2 Kc8 45. Rh7 Kb8 46. Kb3 Rb5+ 47. Kc3 Rc5+ 48. Kd3 Rb5 49. Kc2 Rc5+ 50. Kd3 Rb5 51. Kc2 Rc5+ 52. Kb1 Ka8 53. Ka2 Rb5 54. a4 Rc5 55. Ka3 Kb8 56. Rh3 Ka7 57. Rc3 Rg5 58. Rb3 Ka6 59. Rc3 Kb6 60. b4 axb4+ 61. Kxb4 Rg4+ 1/2-1/2

[Event "ITA-ch U20 26th"]
[Site "Bratto"]
[Date "2003.08.24"]
[Round "4"]
[White "Ferrarese, Giacomo"]
[Black "Pagan, Andrea"]
[Result "0-1"]
[WhiteElo "1507"]
[BlackElo "1603"]
[PlyCount "122"]
[EventDate "2003.08.21"]
[EventType "swiss"]
[EventRounds "9"]
[EventCountry "ITA"]
[SourceTitle "EXT 2007"]
[Source "ChessBase"]
[SourceDate "2006.11.23"]
[SourceVersion "1"]
[SourceVersionDate "2006.11.23"]
[SourceQuality "1"]

1. c4 e5 2. Nc3 Nf6 3. g3 Bb4 4. Bg2 0-0 5. d3 Bxc3+ 6. bxc3 Re8 7. e4 h6 8. Ne2 c6 9. Qb3 d6 10. 0-0 Nbd7 11. f4 Nc5 12. Qd1 Bg4 13. Bf3 Bxf3 14. Rxf3 Ne6 15. Rb1 b6 16. Kg2 Nc7 17. Qf1 Re6 18. Kh1 Qd7 19. Rb2 Nh7 20. Ng1 f6 21. Rbf2 Na6 22. Ba3 Rd8 23. Qe2 Nc5 24. Bxc5 dxc5 25. Qf1 b5 26. cxb5 cxb5 27. Rb2 a6 28. Rc2 exf4 29. gxf4 Rd6 30. Rd2 Re8 31. Re3 Nf8 32. f5 Qc6 33. Qg2 Nd7 34. Rg3 Re7 35. Rh3 Kf8 36. Re3 Ne5 37. Nf3 Red7 38. Nxe5 fxe5 39. Qg3 Re7 40. Rf2 c4 41. dxc4 Qxc4 42. Qh4 Rf6 43. Kg2 Ref7 44. Qh3 Rd7 45. Qf3 Rfd6 46. Qh3 Rd2 47. f6 gxf6 48. Qxh6+ Rg7+ 49. Kf3 Rxf2+ 50. Kxf2 Qxa2+ 51. Re2 Qe6 52. Qh8+ Kf7 53. Qb8 f5 54. Qb7+ Kg6 55. Qd5 Qxd5 56. exd5 Kf6 57. Rb2 Rb7 58. c4 e4 59. Ke3 Ke5 60. Rd2 f4+ 61. Ke2 Rd7 0-1

[Event "ITA-ch U20 26th"]
[Site "Bratto"]
[Date "2003.08.22"]
[Round "2"]
[White "Ferrarese, Giacomo"]
[Black "Forato, Enrico"]
[Result "1-0"]
[WhiteElo "1507"]
[BlackElo "1600"]
[PlyCount "53"]
[EventDate "2003.08.21"]
[EventType "swiss"]
[EventRounds "9"]
[EventCountry "ITA"]
[SourceTitle "EXT 2007"]
[Source "ChessBase"]
[SourceDate "2006.11.23"]
[SourceVersion "1"]
[SourceVersionDate "2006.11.23"]
[SourceQuality "1"]

1. c4 f5 2. Nc3 Nf6 3. g3 b6 4. Bg2 c6 5. d3 Bb7 6. Nf3 e6 7. 0-0 d5 8. cxd5 exd5 9. Nd4 Qd7 10. Re1 c5 11. Nf3 d4 12. Ne5 Qc7 13. Nb5 Qc8 14. Nc4 Kd7 15. e4 Be7 16. Bh3 Qf8 17. Bxf5+ Kd8 18. Bf4 Ne8 19. a4 a6 20. Nba3 Nc6 21. Nxb6 g6 22. Nxa8 Bxa8 23. Bh3 g5 24. Bd2 h5 25. Bg2 Ne5 26. Nc4 Nxd3 27. Ba5+ 1-0

[Event "Padova op-A 5th"]
[Site "Padova"]
[Date "2002.12.15"]
[Round "2.48"]
[White "Ferrarese, Giacomo"]
[Black "Varotto, Adriano"]
[Result "1-0"]
[WhiteElo "1600"]
[BlackElo "1428"]
[PlyCount "69"]
[EventDate "2002.12.14"]
[EventType "swiss"]
[EventRounds "6"]
[EventCountry "ITA"]
[SourceTitle "EXT 2023"]
[Source "ChessBase"]
[SourceDate "2022.10.05"]
[SourceVersion "1"]
[SourceVersionDate "2022.10.05"]
[SourceQuality "1"]

1. c4 e5 2. Nc3 Nf6 3. g3 Be7 4. Bg2 c6 5. Nf3 e4 6. Nd4 d5 7. cxd5 cxd5 8. 0-0 0-0 9. b3 Nc6 10. Nxc6 bxc6 11. e3 Be6 12. Bb2 Qd7 13. Qe2 Bh3 14. Rac1 Be6 15. Rc2 Rfc8 16. Rfc1 Rc7 17. Na4 Rac8 18. Nc5 Bxc5 19. Rxc5 Ne8 20. Qa6 f6 21. d4 Nd6 22. a4 h5 23. Ba3 Nf5 24. Bb4 Rb7 25. Rxc6 Rxc6 26. Rxc6 Rxb4 27. Rxe6 Rxb3 28. Rc6 Ne7 29. Rc1 Rb6 30. Qe2 Qxa4 31. Qxh5 g6 32. Qe2 a5 33. Qe1 Ra6 34. Ra1 Qb4 35. Qxb4 1-0